[Event "Foment Martinenc op-B 24th"]
[Site "Barcelona"]
[Date "2024.06.08"]
[Round "8"]
[White "Palacios Pena, Gerardo"]
[Black "Esteban Cahua, Moises"]
[Result "1/2-1/2"]
[WhiteElo "1848"]
[BlackElo "1775"]
[PlyCount "123"]
[EventDate "2024.04.20"]
[EventType "swiss"]
[EventRounds "9"]
[EventCountry "ESP"]
[SourceTitle "CBM 220 Extra"]
[Source "ChessBase"]
[SourceDate "2024.07.31"]
[SourceVersion "1"]
[SourceVersionDate "2024.07.31"]
[SourceQuality "1"]

1. d4 g6 2. Nf3 Bg7 3. c3 d6 4. Bf4 e6 5. Nbd2 Nd7 6. e3 b6 7. Bb5 Bb7 8. Qa4 a6 9. Bxd7+ Qxd7 10. Qxd7+ Kxd7 11. h3 h6 12. a4 Ne7 13. e4 g5 14. Bh2 f5 15. e5 g4 16. hxg4 fxg4 17. Nh4 dxe5 18. dxe5 h5 19. 0-0 Bh6 20. Rad1 Ke8 21. Nb3 Bg5 22. Bg3 c5 23. Rd6 Bd5 24. Nc1 Nc8 25. Nd3 Nxd6 26. exd6 Bc4 27. Rd1 Bxd3 28. Rxd3 Bxh4 29. Bxh4 Kd7 30. Be7 Rh7 31. Re3 Rf7 32. Re5 Rf5 33. Re4 Rd5 34. Rf4 Rf5 35. Re4 Rg8 36. c4 Rg7 37. b3 Rgf7 38. Re2 Rf4 39. a5 Rd4 40. axb6 Rxd6 41. Bxd6 Kxd6 42. Ra2 Rb7 43. Rxa6 Kc6 44. Kh2 h4 45. f3 gxf3 46. gxf3 Rxb6 47. Ra3 Kd6 48. Kh3 Ke5 49. Kg4 Kd4 50. Kxh4 Kc3 51. Ra5 Kb4 52. Ra1 Rd6 53. Rb1 Rd3 54. f4 Re3 55. Kg5 Kc3 56. Kf6 Kc2 57. Ra1 Kxb3 58. Ra6 Re4 59. Ra1 Kxc4 60. Ra4+ Kd5 61. Rxe4 Kxe4 62. Kxe6 1/2-1/2

[Event "Foment Martinenc op-B 24th"]
[Site "Barcelona"]
[Date "2024.05.11"]
[Round "4"]
[White "Esteban Cahua, Moises"]
[Black "Rius Colomer, Luis Albert"]
[Result "1/2-1/2"]
[WhiteElo "1775"]
[BlackElo "1851"]
[PlyCount "92"]
[EventDate "2024.04.20"]
[EventType "swiss"]
[EventRounds "9"]
[EventCountry "ESP"]
[SourceTitle "CBM 220 Extra"]
[Source "ChessBase"]
[SourceDate "2024.07.31"]
[SourceVersion "1"]
[SourceVersionDate "2024.07.31"]
[SourceQuality "1"]

1. e4 e5 2. Nf3 Nc6 3. d4 exd4 4. Nxd4 Nf6 5. f3 Be7 6. c4 d6 7. Nc3 0-0 8. Be3 Ne5 9. Qd2 c5 10. Nc2 Be6 11. Nd5 Bxd5 12. exd5 a6 13. 0-0-0 b5 14. Bxc5 bxc4 15. Bd4 Nh5 16. Kb1 Bg5 17. Qc3 Bf6 18. g3 Rc8 19. Bh3 Rb8 20. Nb4 Qa5 21. a3 Nd3 22. Rxd3 cxd3 23. Qxd3 Rxb4 24. axb4 Qxb4 25. Rd1 Rb8 26. Bd7 a5 27. Bc6 Bxd4 28. Qxd4 Nf6 29. g4 h6 30. h4 a4 31. Bxa4 Nxd5 32. Qxb4 Rxb4 33. Rxd5 Rxa4 34. Rxd6 Kf8 35. Rd3 Ke7 36. Kc2 f5 37. g5 Rxh4 38. gxh6 Rxh6 39. b4 g5 40. Kb3 g4 41. fxg4 fxg4 42. Kc4 Rg6 43. Kc5 g3 44. Rd1 g2 45. Rg1 Kd7 46. b5 Kc7 1/2-1/2